LEADER 00624nam 2200193z- 450 001 9910842031503321 010 $a9786557144800 035 $a(CKB)5700000000520086 035 $a(EXLCZ)995700000000520086 100 $a20240313c2013uuuu -u- - 101 0 $aeng 200 10$aAs razões da máquina antropofágica: poesia e sincronia em Haroldo de Campos 210 $cEditora UNESP 311 $a85-393-0420-1 517 $aAs razões da máquina antropofágica 906 $aBOOK 912 $a9910842031503321 996 $aAs razões da máquina antropofágica: poesia e sincronia em Haroldo de Campos$94145929 997 $aUNINA